Piłkarska kariera Gerarda Pique. - Statystyki

Ogólne statystyki
  • Ten quiz został rozwiązany 97 razy
  • Średni wynik to 3 z 5
Statystyki odpowiedzi
Lata Drużyna % Poprawnych
2008-teraz Barcelona
100%
2004-2006 Manchester United
93%
2007-2008 Manchester United
93%
2003-2004 Barcelona B
45%
2006-2007 Real Zaragoza
15%
Nie znaleziono quizów pasujących do podanych kryteriów
Rozkład punktacji
Procent ludzi z każdym wynikiem
Percentyl według liczby udzielonych odpowiedzi
Twoja historia wyników
Nie rozwiązałeś tego quizu